| 000 -LEADER |
| fixed length control field |
01940nam a2200325 i 4500 |
| 001 - CONTROL NUMBER |
| control field |
on1132231365 |
| 003 - CONTROL NUMBER IDENTIFIER |
| control field |
OCoLC |
| 005 - DATE AND TIME OF LATEST TRANSACTION |
| control field |
20241007094709.0 |
| 008 - FIXED-LENGTH DATA ELEMENTS--GENERAL INFORMATION |
| fixed length control field |
200123s2020 nyu d 000 1 eng d |
| 020 ## - INTERNATIONAL STANDARD BOOK NUMBER |
| International Standard Book Number |
9780241376928 |
| 040 ## - CATALOGING SOURCE |
| Original cataloging agency |
DLC |
| Language of cataloging |
eng |
| Description conventions |
rda |
| Transcribing agency |
FBR |
| Modifying agency |
FBR |
| -- |
PLS |
| -- |
OCLCO |
| -- |
CaOL |
| -- |
KH8 |
| 082 ## - DEWEY DECIMAL CLASSIFICATION NUMBER |
| Classification number |
FIC MCM |
| 100 1# - MAIN ENTRY--PERSONAL NAME |
| Personal name |
McManus, Karen M., |
| Relator term |
author. |
| 245 10 - TITLE STATEMENT |
| Title |
One of us is next / |
| Statement of responsibility, etc. |
Karen M. McManus. |
| 246 33 - VARYING FORM OF TITLE |
| Title proper/short title |
1 of us is next. |
| 264 #1 - PRODUCTION, PUBLICATION, DISTRIBUTION, MANUFACTURE, AND COPYRIGHT NOTICE |
| Place of production, publication, distribution, manufacture |
New York : |
| Name of producer, publisher, distributor, manufacturer |
Delacorte Press, |
| Date of production, publication, distribution, manufacture, or copyright notice |
[2020] |
| 264 #4 - PRODUCTION, PUBLICATION, DISTRIBUTION, MANUFACTURE, AND COPYRIGHT NOTICE |
| Date of production, publication, distribution, manufacture, or copyright notice |
©2020. |
| 300 ## - PHYSICAL DESCRIPTION |
| Extent |
375 pages ; |
| Dimensions |
22 cm. |
| 336 ## - CONTENT TYPE |
| Content type term |
text |
| Content type code |
txt |
| Source |
rdacontent. |
| 337 ## - MEDIA TYPE |
| Media type term |
unmediated |
| Media type code |
n |
| Source |
rdamedia. |
| 338 ## - CARRIER TYPE |
| Carrier type term |
volume |
| Carrier type code |
nc |
| Source |
rdacarrier. |
| 490 1# - SERIES STATEMENT |
| Series statement |
One of us is lying (Series) ; |
| Volume/sequential designation |
2. |
| 520 ## - SUMMARY, ETC. |
| Summary, etc. |
There's a new mystery to solve at Bayview High, and there's a whole new set of rules. Come on, Bayview, you know you've missed this. A ton of copycat gossip apps have popped up since Simon died, but in the year since the Bayview four were cleared of his shocking death, no one's been able to fill the gossip void quite like he could. The problem is no one has the facts. Until now. This time it's not an app, though -- it's a game. Truth or Dare. Phoebe 's the first target. If you choose not to play, it's a truth. And hers is dark. Then comes Maeve and she should know better -- always choose the dare. But by the time Knox is about to be tagged, things have gotten dangerous. The dares have become deadly, and if Maeve learned anything from Bronwyn last year, it's that they can't count on the police for help. Or protection. Simon's gone, but someone's determined to keep his legacy at Bayview High alive. And this time, there's a whole new set of rules. |
| 650 #0 - SUBJECT ADDED ENTRY--TOPICAL TERM |
| Topical term or geographic name entry element |
Gossip |
| Form subdivision |
Fiction. |
| 650 #0 - SUBJECT ADDED ENTRY--TOPICAL TERM |
| Topical term or geographic name entry element |
High schools |
| Form subdivision |
Fiction. |
| 650 #0 - SUBJECT ADDED ENTRY--TOPICAL TERM |
| Topical term or geographic name entry element |
Schools |
| Form subdivision |
Fiction. |
| 650 #0 - SUBJECT ADDED ENTRY--TOPICAL TERM |
| Topical term or geographic name entry element |
Detective and mystery fiction. |
| Source of heading or term |
genre. |
| 830 #0 - SERIES ADDED ENTRY--UNIFORM TITLE |
| Uniform title |
One of us is lying (Series) ; |
| Volume/sequential designation |
2. |
| 942 ## - ADDED ENTRY ELEMENTS (KOHA) |
| Source of classification or shelving scheme |
|
| Koha item type |
Books - Fiction |